[Event "MTO - 2023"]
[Site ""]
[Date "2023-07-25"]
[Round "8.17"]
[White "Nie Xinyang"]
[Black "Jinan Jomon"]
[Result "1-0"]
[WhiteTitle ""]
[WhiteElo "2288"]
[WhiteCountry "CHN"]
[WhiteFideId "8607222"]
[BlackTitle ""]
[BlackElo "2409"]
[BlackCountry "IND"]
[BlackFideId "35002511"]

1. d4 {[%clk 01:40:57]} Nf6 {[%clk 01:40:22]} 2. c4 {[%clk 01:41:22]} e6 {[%clk 01:40:46]} 3. Nf3 {[%clk 01:41:48]} Bb4+ {[%clk 01:40:53]} 4. Nbd2 {[%clk 01:42:14]} b6 {[%clk 01:41:01]} 5. a3 {[%clk 01:42:40]} Bxd2+ {[%clk 01:41:09]} 6. Bxd2 {[%clk 01:43:06]} Bb7 {[%clk 01:41:09]} 7. e3 {[%clk 01:43:32]} d6 {[%clk 01:39:29]} 8. Bd3 {[%clk 01:43:57]} O-O {[%clk 01:35:09]} 9. Qc2 {[%clk 01:43:39]} c5 {[%clk 01:30:13]} 10. e4 {[%clk 01:40:10]} cxd4 {[%clk 01:28:22]} 11. Nxd4 {[%clk 01:40:34]} Nbd7 {[%clk 01:28:48]} 12. O-O {[%clk 01:40:36]} Rc8 {[%clk 01:26:36]} 13. Nb5 {[%clk 01:36:26]} Ne5 {[%clk 01:03:22]} 14. Nxa7 {[%clk 01:32:05]} Bxe4 {[%clk 00:51:13]} 15. Bxe4 {[%clk 01:32:31]} Rxc4 {[%clk 00:51:37]} 16. Bxh7+ {[%clk 01:32:58]} Nxh7 {[%clk 00:51:37]} 17. Qb3 {[%clk 01:33:25]} Qa8 {[%clk 00:39:41]} 18. Nb5 {[%clk 01:30:09]} d5 {[%clk 00:38:49]} 19. Qg3 {[%clk 01:15:27]} Ng6 {[%clk 00:36:17]} 20. Bb4 {[%clk 01:02:26]} Rd8 {[%clk 00:35:45]} 21. b3 {[%clk 00:57:51]} Rcc8 {[%clk 00:31:07]} 22. Nd4 {[%clk 00:56:11]} e5 {[%clk 00:29:05]} 23. Nf5 {[%clk 00:53:39]} Rc6 {[%clk 00:18:23]} 24. Rac1 {[%clk 00:48:58]} Kh8 {[%clk 00:10:22]} 25. h4 {[%clk 00:48:56]} Rg8 {[%clk 00:10:45]} 26. Nd6 {[%clk 00:40:22]} Rf8 {[%clk 00:10:51]} 27. Rce1 {[%clk 00:40:42]} Qd8 {[%clk 00:06:29]} 28. h5 {[%clk 00:40:51]} Nf4 {[%clk 00:05:33]} 29. Rxe5 {[%clk 00:40:07]} Qf6 {[%clk 00:04:52]} 30. Rfe1 {[%clk 00:40:12]} Rc1 {[%clk 00:03:48]} 31. Re3 {[%clk 00:24:10]} d4 {[%clk 00:01:54]} 32. Re4 {[%clk 00:20:59]} Rxe1+ {[%clk 00:01:43]} 33. Bxe1 {[%clk 00:21:11]} Nxh5 {[%clk 00:01:32]} 34. Qh4 {[%clk 00:21:18]} Qxh4 {[%clk 00:00:33]} 35. Rxh4 {[%clk 00:21:43]} N5f6 {[%clk 00:00:40]} 36. Rxd4 {[%clk 00:20:46]} Ng5 {[%clk 00:00:51]} 37. Rb4 {[%clk 00:20:37]} Nd7 {[%clk 00:00:53]} 38. Bd2 {[%clk 00:19:26]} Ne6 {[%clk 00:01:18]} 39. Be3 {[%clk 00:19:52]} Kg8 {[%clk 00:00:32]} 40. Nc4 {[%clk 00:19:31]} Ra8 {[%clk 00:00:32]} 41. a4 {[%clk 00:19:38]} Ra6 {[%clk 00:44:24]} 42. Nxb6 {[%clk 01:09:51]} Ne5 {[%clk 00:44:50]} 43. Rb5 {[%clk 01:08:47]} Nc6 {[%clk 00:45:09]} 44. Nd5 {[%clk 01:08:53]} Ncd4 {[%clk 00:45:20]} 45. Rb8+ {[%clk 01:08:10]} Kh7 {[%clk 00:45:47]} 46. Nc7 {[%clk 01:07:31]} Nxc7 {[%clk 00:44:47]} 47. Bxd4 {[%clk 01:07:58]} Ne6 {[%clk 00:45:08]} 48. Bb6 {[%clk 01:08:23]} Nf4 {[%clk 00:45:19]} 49. g3 {[%clk 01:06:44]} Nd5 {[%clk 00:45:33]} 50. Bc5 {[%clk 01:07:09]} g5 {[%clk 00:45:56]} 51. Rd8 {[%clk 01:07:06]} Nc3 {[%clk 00:46:19]} 52. Be3 {[%clk 01:04:52]} g4 {[%clk 00:46:30]} 53. Kf1 {[%clk 01:03:34]} Kg6 {[%clk 00:46:53]} 54. Rg8+ {[%clk 01:03:58]} Kf5 {[%clk 00:47:18]} 55. Rg5+ {[%clk 01:04:11]} Ke4 {[%clk 00:47:46]} 56. Rxg4+ {[%clk 01:04:37]} Kd3 {[%clk 00:48:11]} 57. Rc4 {[%clk 01:04:08]} f5 {[%clk 00:47:49]} 58. Rc5 {[%clk 01:03:36]} Rf6 {[%clk 00:47:40]} 59. Kg2 {[%clk 01:03:33]} Ne4 {[%clk 00:47:45]} 60. Rc8 {[%clk 01:03:29]} Rg6 {[%clk 00:47:16]} 61. Kf3 {[%clk 01:03:43]} Nc3 {[%clk 00:46:59]} 62. a5 {[%clk 01:03:53]} 1-0

[Event "MTO - 2023"]
[Site ""]
[Date "2023-07-25"]
[Round "8.32"]
[White "Ermitsch Magnus"]
[Black "Adocchio Giampiero Dr."]
[Result "1-0"]
[WhiteTitle "FM"]
[WhiteElo "2232"]
[WhiteCountry "GER"]
[WhiteFideId "16234464"]
[BlackTitle ""]
[BlackElo "2165"]
[BlackCountry "GER"]
[BlackFideId "4666011"]

1. e4 {[%clk 01:40:54]} e6 {[%clk 01:40:29]} 2. d4 {[%clk 01:41:08]} d5 {[%clk 01:40:53]} 3. Nc3 {[%clk 01:41:32]} Bb4 {[%clk 01:40:46]} 4. exd5 {[%clk 01:41:50]} exd5 {[%clk 01:41:09]} 5. Bd3 {[%clk 01:42:12]} Nf6 {[%clk 01:41:08]} 6. Ne2 {[%clk 01:42:07]} O-O {[%clk 01:41:12]} 7. O-O {[%clk 01:42:27]} Re8 {[%clk 01:39:38]} 8. Ng3 {[%clk 01:32:33]} c6 {[%clk 01:38:55]} 9. a3 {[%clk 01:31:17]} Bf8 {[%clk 01:35:04]} 10. Bg5 {[%clk 01:30:23]} Nbd7 {[%clk 01:30:14]} 11. Qf3 {[%clk 01:24:40]} h6 {[%clk 01:29:34]} 12. Bf4 {[%clk 01:24:17]} Nc5 {[%clk 01:25:12]} 13. Be5 {[%clk 01:21:54]} Nxd3 {[%clk 01:13:16]} 14. Bxf6 {[%clk 01:21:43]} Qxf6 {[%clk 01:13:41]} 15. Qxf6 {[%clk 01:22:00]} gxf6 {[%clk 01:14:05]} 16. cxd3 {[%clk 01:22:25]} Bd7 {[%clk 01:11:23]} 17. Rfe1 {[%clk 01:18:39]} Re6 {[%clk 01:06:58]} 18. Kf1 {[%clk 01:14:17]} Rae8 {[%clk 01:05:12]} 19. Nce2 {[%clk 01:13:40]} Bd6 {[%clk 00:47:10]} 20. Nh5 {[%clk 01:07:46]} Kf8 {[%clk 00:43:40]} 21. Neg3 {[%clk 01:04:43]} Rxe1+ {[%clk 00:40:41]} 22. Rxe1 {[%clk 01:02:47]} Rxe1+ {[%clk 00:38:26]} 23. Kxe1 {[%clk 01:03:16]} Ke7 {[%clk 00:38:37]} 24. h3 {[%clk 00:59:15]} a5 {[%clk 00:37:49]} 25. Ng7 {[%clk 00:57:52]} Bf4 {[%clk 00:29:56]} 26. N7f5+ {[%clk 00:57:04]} Ke6 {[%clk 00:19:06]} 27. Ne3 {[%clk 00:56:12]} Bd6 {[%clk 00:18:44]} 28. Ngf5 {[%clk 00:55:20]} Bf8 {[%clk 00:19:06]} 29. Kd2 {[%clk 00:47:54]} b6 {[%clk 00:17:39]} 30. Kc3 {[%clk 00:44:02]} Bc8 {[%clk 00:17:13]} 31. h4 {[%clk 00:43:23]} Ba6 {[%clk 00:16:31]} 32. Ng3 {[%clk 00:20:12]} Bc8 {[%clk 00:13:36]} 33. Nh5 {[%clk 00:19:56]} f5 {[%clk 00:07:09]} 34. Kd2 {[%clk 00:19:25]} Bb7 {[%clk 00:05:40]} 35. Ke2 {[%clk 00:18:04]} Ba8 {[%clk 00:04:08]} 36. Kf3 {[%clk 00:17:32]} Bb7 {[%clk 00:04:31]} 37. Ke2 {[%clk 00:15:06]} Bc8 {[%clk 00:03:19]} 38. f4 {[%clk 00:05:56]} Bd7 {[%clk 00:02:52]} 39. Kf3 {[%clk 00:04:57]} Bc8 {[%clk 00:02:32]} 40. Kf2 {[%clk 00:02:29]} Bd7 {[%clk 00:02:45]} 41. Ng3 {[%clk 00:46:17]} Kf6 {[%clk 00:52:49]} 42. h5 {[%clk 00:45:31]} Be6 {[%clk 00:47:13]} 43. Ne2 {[%clk 00:45:13]} Bg7 {[%clk 00:46:57]} 44. Nc2 {[%clk 00:44:24]} Ke7 {[%clk 00:46:40]} 45. Nc3 {[%clk 00:40:37]} Kd6 {[%clk 00:45:33]} 46. Na4 {[%clk 00:40:32]} b5 {[%clk 00:40:05]} 47. Nc3 {[%clk 00:40:04]} b4 {[%clk 00:36:02]} 48. axb4 {[%clk 00:39:27]} axb4 {[%clk 00:36:26]} 49. Ne2 {[%clk 00:38:57]} c5 {[%clk 00:36:10]} 50. Ke3 {[%clk 00:36:28]} b3 {[%clk 00:31:25]} 51. dxc5+ {[%clk 00:34:49]} Kxc5 {[%clk 00:31:46]} 52. Ncd4 {[%clk 00:30:24]} Kb4 {[%clk 00:31:30]} 53. Nc1 {[%clk 00:30:20]} Bxd4+ {[%clk 00:31:42]} 54. Kxd4 {[%clk 00:30:49]} f6 {[%clk 00:32:06]} 55. Ne2 {[%clk 00:29:49]} Bf7 {[%clk 00:30:53]} 56. Nc3 {[%clk 00:27:55]} Bxh5 {[%clk 00:31:16]} 57. Nxd5+ {[%clk 00:26:57]} Kb5 {[%clk 00:31:39]} 58. Nxf6 {[%clk 00:27:21]} Be2 {[%clk 00:31:38]} 59. Ng8 {[%clk 00:27:02]} 1-0